00505 2200193 4500001002100000005001500021008004100036020002200077035001900099041000700118082000800125090001400133100002700147245005200174250000900226260003400235300003100269650001100300INLIS00000000000123820241224112319241224||||||||| | ||| |||| || |  a978-979-29-0613-4 0010-1224001238 aid0 a401 a401 DWA s0 aD. Wagiman Adisutrisno00aSemantics An Introduction to the Basic Concepts aEd.1 aYogyakartabAndi Offsetc2008 aviii, 88 hlm.; ilus.:19 cm 0aBahasa